|
|
|
|
| LEADER |
02435nam a2200625 i 4500 |
| 001 |
nkc20172941707 |
| 003 |
CZ PrNK |
| 005 |
20171120105623.0 |
| 007 |
ta |
| 008 |
171016s2017 xr ach e 001 0dcze |
| 015 |
|
|
|a cnb002941707
|
| 020 |
|
|
|a 978-80-7227-397-3
|q (brožováno)
|
| 035 |
|
|
|a (OCoLC)1015191907
|
| 040 |
|
|
|a BOA001
|b cze
|d OLA001
|d ABA001
|e rda
|
| 043 |
|
|
|a e-xr---
|
| 045 |
|
|
|a x-y-
|
| 072 |
|
7 |
|a 78.07
|x Hudebníci, skladatelé a jiná hudební povolání
|2 Konspekt
|9 9
|
| 080 |
|
|
|a 78.036.071.2
|2 MRF
|
| 080 |
|
|
|a 78.071.1/.2
|2 MRF
|
| 080 |
|
|
|a (437.3)
|2 MRF
|
| 080 |
|
|
|a (047.53)
|2 MRF
|
| 080 |
|
|
|a (0:82-94)
|2 MRF
|
| 100 |
1 |
|
|a Koller, David,
|d 1960-
|7 xx0014755
|4 aut
|
| 245 |
1 |
0 |
|a Who the fuck is David Koller? /
|c Milan Ohnisko
|
| 250 |
|
|
|a Vydání první
|
| 264 |
|
1 |
|a Brno :
|b Druhé město,
|c 2017
|
| 300 |
|
|
|a 149 stran :
|b ilustrace, portréty, faksimile ;
|c 26 cm
|
| 336 |
|
|
|a text
|b txt
|2 rdacontent
|
| 336 |
|
|
|a statický obraz
|b sti
|2 rdacontent
|
| 337 |
|
|
|a bez média
|b n
|2 rdamedia
|
| 338 |
|
|
|a svazek
|b nc
|2 rdacarrier
|
| 500 |
|
|
|a Obálkový podnázev: rozhovor s rockovou legendou
|
| 500 |
|
|
|a Obsahuje rejstřík
|
| 546 |
|
|
|a Český text
|
| 600 |
1 |
7 |
|a Koller, David,
|d 1960-
|7 xx0014755
|2 czenas
|
| 648 |
|
7 |
|a 20.-21. století
|7 ch462155
|2 czenas
|
| 650 |
0 |
7 |
|a rockoví zpěváci
|7 ph311279
|z Česko
|y 20.-21. století
|2 czenas
|
| 650 |
0 |
7 |
|a rockoví zpěváci
|7 ph311279
|x přátelé a spolupracovníci
|2 czenas
|
| 650 |
0 |
7 |
|a rockoví hudebníci
|7 ph125178
|z Česko
|y 20.-21. století
|2 czenas
|
| 650 |
0 |
7 |
|a rockoví hudebníci
|7 ph125178
|x přátelé a spolupracovníci
|2 czenas
|
| 650 |
0 |
9 |
|a rock singers
|z Czechia
|y 20th-21st centuries
|2 eczenas
|
| 650 |
0 |
9 |
|a rock singers
|x friends and associates
|2 eczenas
|
| 650 |
0 |
9 |
|a rock musicians
|z Czechia
|y 20th-21st centuries
|2 eczenas
|
| 650 |
0 |
9 |
|a rock musicians
|x friends and associates
|2 eczenas
|
| 655 |
|
7 |
|a rozhovory
|7 fd133303
|2 czenas
|
| 655 |
|
7 |
|a vzpomínky
|7 fd133830
|2 czenas
|
| 655 |
|
9 |
|a interviews
|2 eczenas
|
| 655 |
|
9 |
|a reminiscences
|2 eczenas
|
| 700 |
1 |
|
|a Ohnisko, Milan,
|d 1965-
|7 jn20010523023
|4 aut
|
| 910 |
2 |
|
|a BOA001
|b 3-1396.214
|
| 990 |
|
|
|a BK
|
| 995 |
|
|
|a 01
|
| 991 |
|
|
|b 201710
|c NOV
|
| 996 |
6 |
|
|b 2610722191
|c 3-1396.214
|l MZK
|r Sklad / do 1 hodiny
|n 1
|p p.v.
|w 001635937
|u 000010
|a 1
|e BOA001
|j MZK50
|s P
|
| 996 |
7 |
|
|b 2610722192
|c 3-1396.214
|l MZK
|r Sklad / do 1 hodiny
|n 1
|p p.v.
|w 001635937
|u 000020
|a 1
|e BOA001
|j MZK50
|s A
|